| 000 | 00405 a2200145 4500 | ||
|---|---|---|---|
| 005 | 20250403115949.0 | ||
| 020 | _a0-87872-301-3 | ||
| 082 | _a519.5 JOH | ||
| 100 | _aJOHNSON, R. R. | ||
| 245 | _aElementary Business Statistics: A First Course | ||
| 260 |
_aBoston, _bDuxbury Press, _c1982. |
||
| 300 |
_axvii, 489p.: ill,; figure, graph, table _bIndex. _c24cm. |
||
| 700 | _aSISKIN, B. R. | ||
| 942 |
_2ddc _cBKS |
||
| 999 |
_c1080 _d1080 |
||